000 00609nam a2200193 a 4500
001 58808
005 20180714055537.0
008 140415s2012 mx 000 0 spa d
020 _a9786077592747
041 _aspa
082 _a262.91
_bBON
100 1 _aBONNIN, EDUARDO
245 1 0 _a¿SON ACTUALES LOS DIEZ MANDAMIENTOS?
250 _a4ed.
260 _aMEXICO :
_bIMDOSOC,
_c2012
300 _a37
_cx 21.5
490 _aCOL. ARCHIVO MOTOLINIA
650 1 4 _aLIBERTAD RELIGIOSA
_xRELIGION Y SOCIOLOGIA
_xRELIGION
_xHISTORIA
_xMEXICO
_xIGLESIA Y PROBLEMAS SOCIALES MEXICO HISTORIA SIGLO XX
999 _c58808
_d58808